000
00298nam a22001337a 4500
008
170407b xxu||||| |||| 00| 0 eng d
020
_a
0721657036
041
_a
eng
080
_a
611.018
100
_a
9
101
_a
SHM
245
_a
A BRIEF ATLAS OF HISTOLOGY
_c
LEESON.TH.S
942
_2
udc
_c
BK
999
_c
10054
_d
10054